[Event "EU-ch 2nd"]
[Site "Ohrid"]
[Date "2001.06.07"]
[Round "7"]
[White "Turov, Maxim"]
[Black "Efimenko, Zahar"]
[Result "1/2-1/2"]
[WhiteElo "2553"]
[BlackElo "2439"]
[PlyCount "79"]
[EventDate "2001.06.01"]
[Source "ChessBase"]
[SourceDate "2001.09.13"]

1. e4 e6 2. Qe2 c5 3. Nf3 Nc6 4. g3 Be7 5. Bg2 d5 6. d3 Nf6 7. O-O b6 8. e5 Nd7 9. c4 d4 10. h4 Bb7 11. Re1 h6 12. Na3 a6 13. Nc2 g5 14. hxg5 hxg5 15. Rb1 Rg8 16. b4 g4 17. Nh2 Ndxe5 18. b5 axb5 19. cxb5 Nf3+ 20. Nxf3 gxf3 21. Bxf3 Na5 22. Bf4 Bd6 23. Bxb7 Nxb7 24. Qe4 Bxf4 25. Qxf4 Rxa2 26. Ra1 Rxa1 27. Rxa1 Na5 28. Ne1 Rg5 29. Nf3 Rf5 30. Qg4 Qd5 31. Nd2 Rh5 32. Ne4 Ke7 33. Qg8 c4 34. g4 Rh3 35. Qg7 cxd3 36. Qf6+ Kf8 37. Rc1 Nc4 38. Rxc4 Qxc4 39. Qd8+ Kg7 40. Qg5+ 1/2-1/2

[Event "Siembra Villa Ballester op"]
[Site "Villa Ballester"]
[Date "1996.??.??"]
[Round "4"]
[White "Garbarino, Rodolfo"]
[Black "Rodriguez, Andres"]
[Result "0-1"]
[WhiteElo "2415"]
[BlackElo "2575"]
[PlyCount "72"]
[EventDate "1996.??.??"]
[Source "ChessBase"]

1. e4 e6 2. Qe2 c5 3. Nf3 Nc6 4. g3 g6 5. Bg2 Bg7 6. c3 Nge7 7. h4 h6 8. O-O d5 9. d3 b6 10. Na3 Ba6 11. Rb1 O-O 12. e5 b5 13. Nc2 Qb6 14. b4 cxb4 15. cxb4 d4 16. Qe4 Bb7 17. Qg4 h5 18. Qg5 Nf5 19. Re1 Bh6 20. Qf6 Bg7 21. Qg5 Rfd8 22. g4 Bh6 23. Qf6 Bg7 24. Qg5 Bh6 25. Qf6 hxg4 26. Ng5 Rf8 27. Ne4 Bg7 28. Qg5 Nxe5 29. Nf6+ Bxf6 30. Qxf6 Nd7 31. Qg5 Bxg2 32. h5 Bb7 33. hxg6 fxg6 34. Qxg6+ Ng7 35. Bh6 Rf7 36. Rbc1 e5 0-1

[Event "Biel op"]
[Site "Biel"]
[Date "1995.??.??"]
[Round "2"]
[White "Yagupov, Igor"]
[Black "Razuvaev, Yuri S"]
[Result "0-1"]
[WhiteElo "2405"]
[BlackElo "2585"]
[PlyCount "72"]
[EventDate "1995.07.??"]
[Source "ChessBase"]

1. e4 e6 2. Qe2 c5 3. Nf3 Nc6 4. g3 g6 5. Bg2 Bg7 6. O-O d6 7. c3 e5 8. Na3 Nge7 9. Nc2 O-O 10. Rd1 f5 11. Qc4+ Kh8 12. Ng5 Qe8 13. Nh3 fxe4 14. Ne3 d5 15. Qxc5 b6 16. Qb5 Bd7 17. Qa6 h6 18. d3 g5 19. dxe4 g4 20. exd5 gxh3 21. Bxh3 Nd8 22. d6 Ng8 23. Nd5 Qf7 24. Be3 Ne6 25. f4 exf4 26. Nxf4 Nf6 27. a4 Nxf4 28. Bxd7 N4d5 29. Bxh6 Bxh6 30. Qd3 Qh7 31. Bf5 Be3+ 32. Kh1 Qg7 33. Bh3 Bh6 34. Be6 Ne3 35. Qe2 Ne4 36. Kg1 Nc5 0-1

[Event "Abu Dhabi (14eme open)"]
[Site "?"]
[Date "2000.08.30"]
[Round "5"]
[White "Arkhipov Sergey"]
[Black "Vakhidov Tahir"]
[Result "1/2-1/2"]
[WhiteElo "2532"]
[BlackElo "2458"]
[PlyCount "83"]
[EventDate "2000.??.??"]
[Source "www.chesslib.no"]
[SourceDate "2004.05.04"]

1. e4 e6 2. Qe2 c5 3. c3 d5 4. d3 Nf6 5. g3 Nc6 6. e5 Nd7 7. f4 b5 8. Nf3 Nb6 9. Bg2 Ba6 10. a3 Bb7 11. O-O Be7 12. Be3 Qd7 13. Nbd2 O-O 14. Nb3 Na4 15. d4 c4 16. Nc1 a5 17. Qc2 Nb6 18. Bh3 g6 19. g4 f5 20. exf6 Bxf6 21. Ne2 Bg7 22. Rae1 Nc8 23. Ne5 Nxe5 24. dxe5 d4 25. Nxd4 Ne7 26. Bc1 Rae8 27. Nf3 Nd5 28. Ng5 Bh6 29. Bg2 Bxg5 30. fxg5 Qc7 31. h4 Rxf1+ 32. Bxf1 Rf8 33. Bg2 Qc5+ 34. Kh2 Rf2 35. Re2 Ne3 36. Bxe3 Qxe5+ 37. Kg1 Rxg2+ 38. Rxg2 Qxe3+ 39. Qf2 Qc1+ 40. Kh2 Bxg2 41. Kxg2 e5 42. Kg3 1/2-1/2

[Event "Moscow RUS"]
[Site "?"]
[Date "1996.12.04"]
[Round "7"]
[White "Belikov Vladimir"]
[Black "Nikolenko Oleg"]
[Result "1/2-1/2"]
[WhiteElo "2510"]
[BlackElo "2480"]
[PlyCount "25"]
[EventDate "1996.??.??"]
[Source "www.chesslib.no"]
[SourceDate "2004.05.04"]

1. e4 e6 2. Qe2 Nc6 3. Nf3 e5 4. g3 g6 5. Bg2 Bg7 6. O-O Nge7 7. c3 O-O 8. d4 exd4 9. Nxd4 Nxd4 10. cxd4 Nc6 11. d5 Nd4 12. Qd1 c5 13. Nc3 1/2-1/2